[Event "AUTO-MASTER-2123"]
[Site "http://www.queenalice.com/game.php?id=1295200"]
[Date "2014.7.16"]
[Round "1"]
[White "Arthur0007"]
[Black "nadigo"]
[Result "0-1"]
[WhiteElo "2041"]
[BlackElo "2034"]

1. e4 e6 2. Nf3 d5 3. exd5 exd5 4. d4 Bg4 5. Be2 Nc6 6. O-O Bb4 7. c3 Be7 8. Ne5
Nxe5 9. Bxg4 Nc6 10. Re1 Nf6 11. Bh3 O-O 12. Bf4 Bd6 13. Qf3 Bxf4 14. Qxf4 Qd6
15. Qxd6 cxd6 16. f3 g6 17. Nd2 Rfe8 18. Kf2 Rxe1 19. Rxe1 Kg7 20. g3 h6 21. Nf1
b5 22. Ne3 b4 23. Rc1 Rb8 24. Rc2 bxc3 25. bxc3 h5 26. Bg2 Na5 27. c4 Nxc4 28.
Nxd5 Nxd5 29. Rxc4 Rb2+ 0-1

[Event "AUTO-MASTER-2229"]
[Site "http://www.queenalice.com/game.php?id=1335110"]
[Date "2015.1.16"]
[Round "1"]
[White "nadigo"]
[Black "Bruscato"]
[Result "0-1"]
[WhiteElo "2085"]
[BlackElo "2096"]

1. e3 e5 2. Nf3 d6 3. d4 e4 4. Nfd2 d5 5. Be2 Nf6 6. c4 c6 7. Nc3 Be7 8. Qb3 O-O
9. a3 Nbd7 10. cxd5 cxd5 11. Nxd5 Nxd5 12. Qxd5 Re8 13. Qxe4 Bf6 14. Qd5 Qc7 15.
Qc4 Qd6 16. O-O Nb6 17. Qc5 Qd8 18. Bf3 Nd7 19. Qd5 Qe7 20. Ne4 Nb6 21. Qd6 Be6
22. Nxf6+ Qxf6 23. Bxb7 Rad8 24. Qc6 Qh4 25. Ba6 Bd5 26. Qc2 Bxg2 27. Kxg2 Qg4+
28. Kh1 Qf3+ 29. Kg1 Re4 30. h3 Rd5 31. Bc8 Rg5+ 32. Bg4 Rgxg4+ 33. hxg4 Rxg4+
34. Kh2 Qg2# 0-1

[Event "AUTO-MASTER-2229"]
[Site "http://www.queenalice.com/game.php?id=1335111"]
[Date "2015.1.16"]
[Round "1"]
[White "Bruscato"]
[Black "nadigo"]
[Result "0-1"]
[WhiteElo "2091"]
[BlackElo "2030"]

1. e4 e6 2. d4 c5 3. dxc5 Bxc5 4. Nf3 Nf6 5. Nc3 Qa5 6. Bd2 Qb6 7. Qe2 Qxb2 8.
Rb1 Qxc2 9. Rb5 b6 10. Rb3 Ba6 11. Qe3 Bxe3 0-1

[Event "AUTO-MASTER-2229"]
[Site "http://www.queenalice.com/game.php?id=1335112"]
[Date "2015.1.16"]
[Round "1"]
[White "nadigo"]
[Black "vivafischer"]
[Result "1-0"]
[WhiteElo "2074"]
[BlackElo "1943"]

1. e3 d5 2. Nf3 Nf6 3. Bb5+ c6 4. Be2 Nbd7 5. b3 e5 6. a4 Bd6 7. Ba3 Bxa3 8.
Nxa3 O-O 9. Nb1 Ne4 10. Nc3 f5 11. Qc1 Nxc3 12. dxc3 f4 13. O-O Qe7 14. exf4
Rxf4 15. Qa3 Qf6 16. Nd2 Qh6 17. Qe7 Rf7 18. Qd8+ Rf8 19. Qc7 Qxd2 20. Bg4 Nf6
21. Bxc8 Raxc8 22. Qxb7 Qxc2 23. c4 dxc4 24. bxc4 Qxc4 25. Rfb1 Rb8 26. Qxb8
Rxb8 27. Rxb8+ Kf7 28. Rb7+ Kg6 29. Rf1 Qxa4 30. Rc1 Ne4 31. Rb8 Qd4 32. Rxc6+
Kh5 33. h3 Qxf2+ 34. Kh2 Qg3+ 35. Kg1 Ng5 36. Rf8 1-0

[Event "AUTO-MASTER-2229"]
[Site "http://www.queenalice.com/game.php?id=1335113"]
[Date "2015.1.16"]
[Round "1"]
[White "vivafischer"]
[Black "nadigo"]
[Result "0-1"]
[WhiteElo "1955"]
[BlackElo "2062"]

1. d4 e6 2. c4 Bb4+ 3. Bd2 c5 4. g3 Bxd2+ 5. Qxd2 cxd4 6. Nf3 e5 7. Nxe5 f6 8.
Nf3 Ne7 9. Bg2 d5 10. cxd5 Qd6 11. O-O Na6 12. Nxd4 O-O 13. Nc3 Bd7 14. e4 Rac8
15. a3 Ng6 16. f4 Qb6 17. Kh1 Nc5 18. Rad1 Nb3 19. Nxb3 Qxb3 20. Rc1 h6 21. Ne2
Bg4 22. Nd4 Qb6 23. Rxc8 Rxc8 24. h3 Bd7 25. Ne2 Qb3 26. Nc3 Kh7 27. Kh2 Kh8 28.
Re1 Kh7 29. e5 Bf5 30. Be4 Bxe4 31. Rxe4 a5 32. e6 f5 33. Re3 Qc4 0-1

[Event "AUTO-MASTER-2229"]
[Site "http://www.queenalice.com/game.php?id=1335114"]
[Date "2015.1.16"]
[Round "1"]
[White "nadigo"]
[Black "cksl333"]
[Result "0-1"]
[WhiteElo "2048"]
[BlackElo "2230"]

1. e3 Nc6 2. Bb5 a6 3. Be2 e5 4. b3 Nf6 5. Bb2 Bd6 6. Nf3 O-O 7. Nc3 b5 8. d4
exd4 9. Nxd4 Nxd4 10. Qxd4 Bb7 11. Bf3 Bc6 12. Bxc6 dxc6 13. Ne4 Be7 14. Qxd8
Rfxd8 15. Nxf6+ Bxf6 16. Bxf6 gxf6 17. O-O Rd2 18. Rfc1 Rad8 19. a4 bxa4 20. b4
Re2 21. g3 Rdd2 0-1

[Event "AUTO-MASTER-2229"]
[Site "http://www.queenalice.com/game.php?id=1335115"]
[Date "2015.1.16"]
[Round "1"]
[White "cksl333"]
[Black "nadigo"]
[Result "0-1"]
[WhiteElo "2222"]
[BlackElo "2039"]

1. a3 d6 2. d4 Bg4 3. Nf3 Nc6 4. h3 Bf5 5. c4 e5 6. Nc3 Be7 7. e4 exd4 8. Nxd4
Nxd4 9. Qxd4 Bf6 10. Qe3 Be6 11. Be2 Be5 12. f4 Qh4+ 13. g3 Bxc3+ 14. Qxc3 Qf6
15. Bd2 a5 16. Qxf6 Nxf6 17. Bf3 Bxc4 18. Rc1 Bd3 19. Rxc7 Bxe4 20. Bxe4 Nxe4
21. Rxb7 O-O 22. Rg1 Rfe8 23. Kd1 Nf2+ 24. Kc2 Re2 25. Rc7 Ne4 26. Kd3 Rxd2+ 27.
Kxe4 Re8+ 28. Kf5 Rxb2 29. Rd1 g6+ 30. Kg4 h6 31. Rd3 Rb1 32. Ra7 Rb5 33. Rxd6
Kg7 34. Rda6 Re3 35. f5 gxf5+ 36. Kf4 Rxa3 37. Re7 Rbb3 38. Raa7 Rf3+ 39. Ke5
Rae3+ 40. Kd4 Rxe7 41. Rxe7 Rxg3 42. Ra7 Rxh3 43. Rxa5 Kg6 0-1

[Event "AUTO-MASTER-2286"]
[Site "http://www.queenalice.com/game.php?id=1355378"]
[Date "2015.4.23"]
[Round "1"]
[White "MarceloPadre"]
[Black "nadigo"]
[Result "0-1"]
[WhiteElo "1935"]
[BlackElo "2000"]

1. f4 d5 2. Nf3 Nf6 3. e3 Bg4 4. Be2 e6 5. d4 Nc6 6. O-O Bd6 7. Nbd2 Qd7 8. c3
Bxf3 9. Bxf3 O-O 10. g3 b6 11. e4 dxe4 12. Nxe4 Nxe4 13. Bxe4 f5 14. Bg2 a5 15.
Qf3 Na7 16. Qxa8 Rxa8 17. Bxa8 c6 0-1

[Event "AUTO-MASTER-2286"]
[Site "http://www.queenalice.com/game.php?id=1355379"]
[Date "2015.4.23"]
[Round "1"]
[White "nadigo"]
[Black "MarceloPadre"]
[Result "1-0"]
[WhiteElo "2013"]
[BlackElo "1850"]

1. e4 e5 2. Nf3 Nc6 3. Bb5 a6 4. Ba4 b5 5. Bb3 Be7 6. Nc3 Nf6 7. d3 d6 8. Bg5
O-O 9. Bxf6 Bxf6 10. O-O g6 11. Nd5 Bg7 12. Qd2 Be6 13. Ng5 Nd4 14. Nxe6 Nxe6
15. a4 c6 16. Nc3 Nd4 17. Ne2 Nxb3 18. cxb3 Qb6 19. a5 Qb7 20. d4 Rad8 21. d5
cxd5 22. Qxd5 Qxd5 23. exd5 Rc8 24. f4 Rc2 25. Rf2 Rxb2 26. Nc1 Rxf2 27. Kxf2
exf4 28. Ra2 Rc8 29. Ne2 Be5 30. Rd2 Kg7 31. Rd3 Rc2 32. Kf3 g5 33. b4 Rb2 34.
Nd4 Rxb4 35. Nf5+ Kf6 36. g4 fxg3 37. Nxg3 Ra4 38. Ne4+ Kg6 39. h3 Rxa5 40. Kg4
f5+ 41. Kf3 fxe4+ 42. Kxe4 Ra4+ 43. Kf3 1-0

[Event "AUTO-MASTER-2286"]
[Site "http://www.queenalice.com/game.php?id=1355392"]
[Date "2015.4.23"]
[Round "1"]
[White "RDario"]
[Black "nadigo"]
[Result "1-0"]
[WhiteElo "1964"]
[BlackElo "2048"]

1. d4 e6 2. Nf3 f5 3. c4 Nc6 4. e3 Nf6 5. Nbd2 b6 6. Be2 Bb4 7. a3 Bxd2+ 8. Bxd2
Ne4 9. d5 Ne7 10. Bc3 Nxc3 11. bxc3 1-0

[Event "AUTO-MASTER-2286"]
[Site "http://www.queenalice.com/game.php?id=1355393"]
[Date "2015.4.23"]
[Round "1"]
[White "nadigo"]
[Black "RDario"]
[Result "0-1"]
[WhiteElo "2069"]
[BlackElo "1943"]

1. e4 d6 2. d4 Nd7 3. Nc3 h6 4. Nf3 g5 5. Be3 Bg7 6. h4 g4 7. Nh2 h5 8. a3 e5 9.
Bg5 f6 10. Bc1 exd4 11. Qxd4 Qe7 0-1

[Event "AUTO-MASTER-2286"]
[Site "http://www.queenalice.com/game.php?id=1355402"]
[Date "2015.4.23"]
[Round "1"]
[White "nadigo"]
[Black "sia"]
[Result "0-1"]
[WhiteElo "2029"]
[BlackElo "2043"]

1. e4 e5 2. Nf3 d6 3. Bc4 Be6 4. Bxe6 fxe6 5. d4 exd4 6. Nxd4 Qf6 7. Qg4 Qxd4 8.
Qxe6+ Ne7 9. c3 Qe5 10. Qxe5 dxe5 0-1

[Event "AUTO-MASTER-2409"]
[Site "http://www.queenalice.com/game.php?id=1401727"]
[Date "2016.1.1"]
[Round "1"]
[White "o3bor52"]
[Black "nadigo"]
[Result "0-1"]
[WhiteElo "1900"]
[BlackElo "2003"]

1. e4 e5 2. Nf3 d6 3. Bc4 Be6 4. Bxe6 fxe6 5. d3 Nf6 6. Bg5 Be7 7. Bxf6 Bxf6 8.
Nbd2 Nc6 9. Qe2 Nb4 10. Nb3 Qd7 11. a3 Qa4 12. O-O Nc6 13. Nc1 Nb4 14. Nb3 O-O
15. axb4 Qxb4 16. Ra4 Qxa4 17. Ra1 Qb5 18. Qd2 a6 19. d4 exd4 20. Nfxd4 Bxd4 21.
Ra5 Bxf2+ 22. Qxf2 Rxf2 23. Rxb5 Raf8 24. h3 axb5 25. Nd4 Rf1+ 26. Kh2 c5 27.
Nxe6 R1f2 28. Nxf8 Kxf8 29. Kg3 Rxc2 30. Kf3 Rxb2 31. g4 g5 32. Kg3 c4 33. h4
Rb3+ 34. Kg2 gxh4 35. g5 h3+ 36. Kh2 c3 37. Kxh3 c2+ 38. Kg4 c1=Q 39. Kf5 Qf1+
40. Ke6 Qf7+ 41. Kxd6 Qe7+ 42. Kd5 Rd3# 0-1

[Event "AUTO-MASTER-2409"]
[Site "http://www.queenalice.com/game.php?id=1401728"]
[Date "2016.1.1"]
[Round "1"]
[White "nadigo"]
[Black "o3bor52"]
[Result "1/2-1/2"]
[WhiteElo "1997"]
[BlackElo "1841"]

1. e4 c5 2. b3 Nc6 3. Bb2 d6 4. Bb5 e6 5. d3 Ne7 6. Qd2 a6 7. Bxc6+ bxc6 8. Nf3
e5 9. O-O g6 10. Na3 Bg7 11. Nc4 Qc7 12. Ng5 O-O 13. Qe3 h6 14. Nf3 f5 15. Nh4
f4 16. Qe1 g5 17. Nf5 Nxf5 18. exf5 Bxf5 19. Ba3 a5 20. Bb2 Rfb8 21. Qe2 Be6 22.
Qh5 Bf7 23. Qg4 Qe7 24. Rae1 Bxc4 25. dxc4 Rd8 26. a4 Re8 27. Re2 d5 28. Rfe1
Qc7 29. Qf5 e4 30. Qg6 Qf7 31. Qxf7+ Kxf7 32. Ba3 Bc3 33. Rd1 Bb4 34. Bb2 d4 35.
c3 Bxc3 36. Ba3 d3 37. Ra2 Bb4 38. Bc1 Rad8 39. g3 f3 40. h4 Kg6 41. Kh2 Kf5 42.
Be3 Rh8 43. Kh3 g4+ 44. Kh2 h5 45. Bf4 Rd7 46. Bd2 Rb8 47. Bg5 Rbb7 48. Bf4 Ra7
49. Bd2 Rab7 50. Bxb4 Rxb4 51. Rb2 Rd4 52. Rdd2 Ke5 53. Kg1 Kf5 54. Kf1 Ke5 55.
Ke1 Kf5 56. Kd1 Ke5 57. Kc1 Kf5 58. Kb1 Ke5 59. Ka2 Kf5 60. Rd1 Ke5 61. Rbd2 Kf5
62. Kb2 Ke5 63. Kc3 Kf5 64. Kb2 Ke5 65. Kc3 1/2-1/2

[Event "AUTO-MASTER-2409"]
[Site "http://www.queenalice.com/game.php?id=1401743"]
[Date "2016.1.1"]
[Round "1"]
[White "Alexandrovinsk"]
[Black "nadigo"]
[Result "1-0"]
[WhiteElo "2186"]
[BlackElo "2006"]

1. e4 e5 2. Nf3 Nc6 3. Bc4 Qf6 4. Nc3 Bb4 5. d3 Bxc3+ 6. bxc3 d6 7. h3 Be6 8.
Bxe6 Qxe6 9. O-O Nf6 10. Ng5 Qe7 11. f4 O-O-O 12. c4 Nd4 13. c3 Nc6 14. Rb1 Na5
15. Qa4 Nc6 16. f5 h6 17. Nf3 g6 18. Qb5 Nh5 19. Qxb7+ Kd7 20. Qa6 Ng3 21. Rd1
Ne2+ 22. Kh2 Nxc3 23. Be3 Nxd1 24. Rxd1 gxf5 25. exf5 e4 26. Nd4 Nxd4 27. Bxd4
Rhg8 28. f6 Qe6 29. Qb5+ c6 30. Qb7+ Ke8 31. Qxc6+ Qd7 32. Qxe4+ Qe6 33. Qh4 d5
34. Re1 Rd6 35. Rxe6+ Rxe6 36. Qf4 Kd7 37. c5 Re2 38. Qd6+ Ke8 39. Qb8+ Kd7 40.
Qxg8 Ke6 41. Qe8+ Kf5 42. Qxe2 a5 43. Qg4# 1-0

[Event "AUTO-MASTER-2409"]
[Site "http://www.queenalice.com/game.php?id=1401744"]
[Date "2016.1.1"]
[Round "1"]
[White "nadigo"]
[Black "Alexandrovinsk"]
[Result "0-1"]
[WhiteElo "2022"]
[BlackElo "2195"]

1. e4 e5 2. d3 d5 3. b3 c6 4. Bb2 Be6 5. Bxe5 Nd7 6. Nf3 Nxe5 7. Nxe5 Bd6 8. Ng4
Qe7 9. Be2 Bxg4 10. Bxg4 dxe4 11. O-O Nh6 12. Re1 f5 13. Bh3 O-O 14. Nc3 Rad8
15. d4 Qh4 16. Qe2 g5 17. Qc4+ Kg7 18. Qe6 g4 19. Re3 Rf6 20. Qc4 b5 21. Qxc6
Bxh2+ 22. Kxh2 Rxc6 23. d5 Rxc3 24. Rxc3 Rxd5 25. Rc7+ Kg6 26. g3 Qxh3+ 27. Kg1
f4 28. Rc6+ Kg5 29. Rc7 f3 30. Rg7+ Kf6 31. Rxh7 Qg2# 0-1

[Event "AUTO-MASTER-2409"]
[Site "http://www.queenalice.com/game.php?id=1401755"]
[Date "2016.1.1"]
[Round "1"]
[White "nadigo"]
[Black "lfcanales"]
[Result "0-1"]
[WhiteElo "2013"]
[BlackElo "2171"]

1. e4 e5 2. Nf3 Nc6 3. b3 Bc5 4. Qe2 d6 5. Bb2 Bg4 6. h3 Bh5 7. Qb5 Bxf3 8. gxf3
Bb6 9. f4 Qh4 10. Rh2 Qxf4 11. Rg2 Qxe4+ 12. Kd1 g6 13. Nc3 Qf3+ 14. Ne2 Qxh3
15. f4 Qe6 16. fxe5 dxe5 17. Rg5 O-O-O 18. Bxe5 f6 19. Nf4 Qe7 20. Bh3+ Kb8 21.
Ne6 Re8 22. Bxc7+ Bxc7 23. Rc5 Nd4 24. Qb4 Nxe6 25. Bg2 Nxc5 26. d4 Qe2+ 27. Kc1
Qxg2 28. Qxc5 Ne7 29. Kb2 Nc6 30. a4 Nxd4 31. Qxd4 Be5 32. Qc3 Bxc3+ 33. Kxc3
Rc8+ 34. Kb2 Rxc2+ 35. Kb1 Rb2+ 36. Kc1 Qc2# 0-1

[Event "AUTO-MASTER-2409"]
[Site "http://www.queenalice.com/game.php?id=1401756"]
[Date "2016.1.1"]
[Round "1"]
[White "lfcanales"]
[Black "nadigo"]
[Result "1-0"]
[WhiteElo "2183"]
[BlackElo "2015"]

1. e4 e5 2. f4 d6 3. Nf3 Bg4 4. Bc4 Be6 5. Bxe6 fxe6 6. fxe5 d5 7. exd5 Qxd5 8.
O-O Bc5+ 9. d4 Bb6 10. Nc3 Qc4 11. Be3 Nc6 12. Ne2 O-O-O 13. b3 Qb5 14. c4 Qb4
15. Bd2 Qe7 16. Bg5 Nf6 17. exf6 gxf6 18. Bh4 Qg7 19. Bf2 e5 20. d5 Rhg8 21. g3
Nb4 22. Bxb6 cxb6 23. Qb1 Rde8 24. Qf5+ Kb8 25. Nc3 Rd8 26. Nd2 Nc2 27. Qxc2 Qg5
28. Nde4 Qe3+ 29. Kh1 Rdf8 30. Nxf6 Rg7 31. d6 Rd8 32. d7 Qg5 33. Nce4 Qe3 34.
Rae1 Qh6 35. Qd3 Qg6 36. Qd6+ Ka8 37. Qc7 Rb8 38. Qc8 Rxd7 39. Qxd7 h5 40. Nd5
Rg8 41. Nd6 h4 42. Qxb7# 1-0

[Event "AUTO-ADV-3654"]
[Site "http://www.queenalice.com/game.php?id=1427026"]
[Date "2016.6.10"]
[Round "1"]
[White "nadigo"]
[Black "MarcosT"]
[Result "0-1"]
[WhiteElo "1966"]
[BlackElo "1940"]

1. e4 d6 2. Nc3 g6 3. Qf3 Bg7 4. Bb5+ Bd7 5. d3 Bxb5 6. Nxb5 c6 7. Nd4 Bxd4 8.
c3 Bb6 9. d4 e5 10. dxe5 dxe5 11. b3 Nd7 12. Qg3 Qf6 13. Nf3 O-O-O 14. Bg5 Qd6
15. Bxd8 Bxd8 16. O-O h5 17. Rad1 Qc7 18. Qh3 Nf6 19. Nxe5 Qxe5 20. Rd3 Be7 21.
f3 Rd8 22. b4 Kb8 23. a4 Nb6 24. f4 Qxe4 25. Rfd1 Rxd3 26. Qxd3 Nbd5 27. Qd4
Nxc3 28. Qxc3 Ng4 29. Qh8+ Kc7 30. Qb2 Qe3+ 31. Kh1 Nf2+ 32. Qxf2 Qxf2 33. b5
Qxf4 34. g3 Qf3+ 35. Kg1 Bc5+ 36. Rd4 Bxd4# 0-1

[Event "AUTO-ADV-3654"]
[Site "http://www.queenalice.com/game.php?id=1427027"]
[Date "2016.6.10"]
[Round "1"]
[White "MarcosT"]
[Black "nadigo"]
[Result "1-0"]
[WhiteElo "1930"]
[BlackElo "1958"]

1. e4 e5 2. Nf3 Nc6 3. Bc4 Qe7 4. Nc3 b6 5. a3 d6 6. h3 Be6 7. Qe2 Nd4 8. Nxd4
exd4 9. Nd5 Bxd5 10. Bxd5 Rc8 11. Bc6+ Kd8 12. Qa6 g6 13. d3 f5 14. h4 Qe6 15.
Bd5 Qd7 16. Bb7 Ne7 17. Bg5 h6 18. Bxe7+ Bxe7 19. Bxc8 Qxc8 20. Qxc8+ Kxc8 21.
exf5 gxf5 22. O-O-O Rg8 23. Rde1 Kd7 24. g3 h5 25. Rhg1 c5 26. b4 a5 27. bxa5 b5
28. Re2 Ra8 29. Rge1 Bd8 30. Kb2 Bxa5 31. Re7+ Kc6 32. R1e6 Bc3+ 33. Kb3 b4 34.
a4 Kd5 35. Rf6 Rd8 36. Rxf5+ Kc6 37. Rff7 Kb6 38. Rb7+ Kc6 39. a5 Ra8 40. Ra7
Rh8 41. Rfc7+ Kb5 42. Rcb7+ Kc6 43. a6 Rf8 44. Rc7+ Kd5 45. Rab7 Rxf2 46. a7 Rg2
47. a8=Q Rxg3 48. Rxb4+ Ke5 49. Qe4+ Kf6 50. Qf4+ Ke6 51. Qxg3 Bxb4 52. Qg6+ Ke5
53. Rf7 Be1 54. Qe4# 1-0

[Event "AUTO-ADV-3654"]
[Site "http://www.queenalice.com/game.php?id=1427028"]
[Date "2016.6.10"]
[Round "1"]
[White "nadigo"]
[Black "Manoeljoaquim"]
[Result "0-1"]
[WhiteElo "1991"]
[BlackElo "1769"]

1. d4 d5 2. Nc3 Bf5 3. g3 Nc6 4. Bg2 e6 5. Nf3 Nf6 6. Bf4 Bd6 7. Bg5 h6 8. Bxf6
gxf6 9. Nb5 a6 10. Nxd6+ Qxd6 11. h3 O-O-O 12. Qd3 Bxd3 13. cxd3 Qb4+ 14. Nd2
Qxb2 15. Nb3 Nxd4 16. O-O Nf5 17. Nc5 Qxe2 18. Rfb1 b6 19. Bf1 Qh5 20. Rc1 bxc5
21. Rxc5 Rhg8 22. Rc6 Nxg3 23. Bg2 Nf5 24. Rxa6 Qxh3 25. Ra8+ Kb7 26. Kf1 Qxg2+
27. Ke2 Rxa8 28. a4 Ra5 29. Rb1+ Kc6 30. Rc1+ Kd6 31. Rd1 Rxa4 32. Rd2 Ng3+ 33.
Ke1 Qf1# 0-1

[Event "AUTO-ADV-3654"]
[Site "http://www.queenalice.com/game.php?id=1427029"]
[Date "2016.6.10"]
[Round "1"]
[White "Manoeljoaquim"]
[Black "nadigo"]
[Result "1-0"]
[WhiteElo "1819"]
[BlackElo "1941"]

1. e4 e5 2. Nf3 Nc6 3. Bc4 g6 4. a3 Qe7 5. d3 d6 6. Nc3 Be6 7. Bxe6 Qxe6 8. Nd5
O-O-O 9. c4 Nd4 10. Nxd4 exd4 11. b4 f5 12. Qe2 Qe5 13. f4 Qe6 14. Bb2 fxe4 15.
Bxd4 g5 16. Bxh8 gxf4 17. O-O-O Re8 18. Qxe4 Qxe4 19. dxe4 Rxe4 20. Rd4 Re3 21.
Nxe3 fxe3 22. Re4 Kd7 23. Rxe3 Bh6 24. Re1 Bf4 25. Kc2 Bxh2 26. Bc3 Nh6 27. Re7+
Kc6 28. Rxh7 Bg3 29. Rxh6 b5 30. cxb5+ Kxb5 31. Re8 a6 32. Kb3 Bf4 33. g4 Bxh6
34. a4+ Kc6 35. Bf6 Kd7 36. Re7+ Kc6 37. g5 Bf8 38. Re8 Be7 39. Rxe7 Kd5 40.
Rxc7 Ke6 41. Ra7 d5 42. Rxa6+ Kf5 43. b5 d4 44. Bxd4 Kxg5 45. b6 Kf5 46. b7 Ke4
47. Bc3 Kf4 48. b8=Q+ Ke3 49. Re6+ Kf3 50. Qf8+ Kg4 51. Rg6+ Kh5 52. Qh6# 1-0